000 01011cam a22002657i 4500
999 _c57683
_d57683
001 20616775
005 20221107162329.0
008 180803s20192019njua 001 0 eng d
010 _a 2018953965
020 _a9780672338083x
041 _aeng
080 _a004.738.5 K-93
100 1 _aKyrnin, Jennifer,
_99420
245 1 0 _aSams teach yourself HTML, CSS, and JavaScript all in one /
_cJennifer Kyrnin, Julie Meloni.
246 3 _aTeach yourself HTML, CSS, and JavaScript all in one
246 3 0 _aHTML, CSS, and JavaScript all in one
250 _aThird edition.
264 4 _c[Upper Saddle River, NJ] :
_aPearson,
_b[2019].
300 _a778 pages :
_billustrations ;
_c24 cm.
653 _aკომპიუტერული მეცნიერებანი
653 _aპროგრამირების ენა
653 _aკასკადური სტილის ცხრილები
700 1 _aMeloni, Julie C.,
_eავტორი
_99424
942 _2udc
_cBK